00869 2200289 4500001002100000005001700021008004100038020001800079035002400097082001200121090002200133111002500155245015800180250001100338260003800349300002400387500002900411650000800440700002700448700002300475850001500498980001500513985000600528999001500534999001500549999001500564YOGYA-0209000003546420090227025019.0 ind  a979-515-129-0 0010-020900000035464 a612.664 a612.664bYay MlT aYayasan Kusuma Buana aMenyusui bayi dengan baik dan berhasilcYayasan Kusuma Buana ; editor, Jennifer Brinch ; alih bahasa Upik Rahman Zainuddin, ilustrasi, Eddy Dwi Subiyanto aCet. 2 aJakartabGaya Favorit Pressc1991 a87 hlmbilusc20 cm aBibliografi : hlm. 84-85 aAsi aZainuddin, Upik Rahman aEddy Dwi Subiyanto aYOPDYOG(B) a29-09-2006 a3 a93P0039514 a93P0039515 a93P0036013